000 01377nam a22002417a 4500
005 2011052506566.0
008 110525t xxu||||| |||| 00| 0 mar d
010 _aMAR-20887-88
020 _c165.00
035 _aMR-13545-46
037 _bDBAD / PUB
040 _aDPL
_bMR
082 _a891.4608
100 _aदवणे,प्रवीण
_928233
245 _aआयुष्य बहरताना /
_cप्रवीण दवणे
246 _aAayushya Bahartana
_bby Pravin Davane
260 _aबोरिवली
_bनवचैतन्य प्रकाशन
_c2011
270 _aन्यू गजांत को-ऑप.हौ.सो.लि.,सी/11,तळमजला,कोसाम्गो नगर,फ्लाय ओव्हर जवळ,एस.व्ही रोड
_bबोरिवली
300 _a2 भा.(296पृ.)
_c21 सेमी (अजिल्द)
942 _2ddc
_cMR
_h891.4608
_mदवणे
999 _c52593
_d52593